Socio-ekonomické súvislosti integrácie v Latinskej Amerike

V deväťdesiatych rokoch 20. storočia sa začal v regióne Latinskej Ameriky rozvíjať tzv. nový regionalizmus, ktorý so sebou priniesol rozšírenie oblastí integrácie z prevažne čisto ekonomických aj na politické, bezpečnostné, sociálne, kultúrne a iné. Ovplyvnil tak existujúce ako aj novovznikajúce int...

Ausführliche Beschreibung

Gespeichert in:
Bibliographische Detailangaben
1. Verfasser: Šabo, Marián
Format: Buchkapitel
Sprache:Slowakisch
Schlagworte:
Tags: Tag hinzufügen
Keine Tags, Fügen Sie das erste Tag hinzu!

MARC

LEADER 00000nla a2200000 4500
001 0160705
005 20240502072805.4
041 0 |a slo 
044 |a SK 
245 1 0 |a Socio-ekonomické súvislosti integrácie v Latinskej Amerike  |c Marián Šabo 
520 |a V deväťdesiatych rokoch 20. storočia sa začal v regióne Latinskej Ameriky rozvíjať tzv. nový regionalizmus, ktorý so sebou priniesol rozšírenie oblastí integrácie z prevažne čisto ekonomických aj na politické, bezpečnostné, sociálne, kultúrne a iné. Ovplyvnil tak existujúce ako aj novovznikajúce integračné zoskupenia. Hoci jeho ciele sú ambiciózne, na začiatku 21. storočia vyznievajú procesy integrácie v tomto regióne veľmi protirečivo. 
610 2 0 |a integrácia regionálna 
610 2 0 |a zoskupenia integračné medzinárodné 
610 2 0 |a Latinská Amerika 
100 1 |a Šabo, Marián